The Ghana law reports 1984-86 volume1: cases determined by the High Court, the Court of Appeal and the Supreme Court of the Republic of Ghana /: (Record no. 4116)
[ view plain ]
| 000 -LEADER | |
|---|---|
| fixed length control field | 00847nam a22002297a 4500 |
| 003 - CONTROL NUMBER IDENTIFIER | |
| control field | OSt |
| 005 - DATE AND TIME OF LATEST TRANSACTION | |
| control field | 20230727133116.0 |
| 008 - FIXED-LENGTH DATA ELEMENTS--GENERAL INFORMATION | |
| fixed length control field | 140903b xxu||||| |||| 00| 0 eng d |
| 022 ## - INTERNATIONAL STANDARD SERIAL NUMBER | |
| International Standard Serial Number | 08550840 |
| 040 ## - CATALOGING SOURCE | |
| Transcribing agency | WIUC |
| 050 ## - LIBRARY OF CONGRESS CALL NUMBER | |
| Classification number | KRX19.A3.G34(1984-86 vol.1) |
| 245 ## - TITLE STATEMENT | |
| Title | The Ghana law reports 1984-86 volume1: cases determined by the High Court, the Court of Appeal and the Supreme Court of the Republic of Ghana /: |
| Statement of responsibility, etc. | edited by D.R.K. Sankah and assisted by L.K. Agbosu and John K. Essel Edzie. |
| 260 ## - PUBLICATION, DISTRIBUTION, ETC. | |
| Place of publication, distribution, etc. | Accra: |
| Name of publisher, distributor, etc. | Council for Law Reporting, |
| Date of publication, distribution, etc. | 1993. |
| 300 ## - PHYSICAL DESCRIPTION | |
| Extent | xlv, 802p. : |
| Dimensions | 25cm. |
| 440 ## - SERIES STATEMENT/ADDED ENTRY--TITLE | |
| Volume/sequential designation | Vol. 1 |
| 500 ## - GENERAL NOTE | |
| General note | Includes index. |
| 700 ## - ADDED ENTRY--PERSONAL NAME | |
| Personal name | Sankah, D. R. K. |
| 9 (RLIN) | 2129 |
| 700 ## - ADDED ENTRY--PERSONAL NAME | |
| Personal name | Agbosu, L. K. |
| 9 (RLIN) | 2136 |
| 700 ## - ADDED ENTRY--PERSONAL NAME | |
| Personal name | Edzie, John K. Essel. |
| 9 (RLIN) | 2163 |
| 800 ## - SERIES ADDED ENTRY--PERSONAL NAME | |
| Personal name | Sankah, D.R.K. |
| -- | Agbosu, L.K. |
| -- | Edzie, Essel John K. |
| 9 (RLIN) | 2164 |
| 942 ## - ADDED ENTRY ELEMENTS (KOHA) | |
| Source of classification or shelving scheme | Library of Congress Classification |
| Koha item type | Books |
| Withdrawn status | Lost status | Source of classification or shelving scheme | Damaged status | Not for loan | Home library | Current library | Shelving location | Date acquired | Full call number | Barcode | Date last seen | Copy number | Price effective from | Koha item type |
|---|---|---|---|---|---|---|---|---|---|---|---|---|---|---|
| Library of Congress Classification | WISCONSIN INTERNATIONAL UNIVERSITY COLLEGE, GHANA - MAIN LIBRARY | WISCONSIN INTERNATIONAL UNIVERSITY COLLEGE, GHANA - MAIN LIBRARY | Law Library | 03/09/2014 | KRX19.A3.G34(1984-86 vol. 1) | 932/13 | 03/09/2014 | 1 | 03/09/2014 | Books | ||||
| Library of Congress Classification | WISCONSIN INTERNATIONAL UNIVERSITY COLLEGE, GHANA - MAIN LIBRARY | WISCONSIN INTERNATIONAL UNIVERSITY COLLEGE, GHANA - MAIN LIBRARY | Law Library | 03/09/2014 | KRX19.A3.G341(1984-86 vol.1) | 977/13 | 03/09/2014 | 2 | 03/09/2014 | Books | ||||
| Library of Congress Classification | WISCONSIN INTERNATIONAL UNIVERSITY COLLEGE, GHANA - MAIN LIBRARY | WISCONSIN INTERNATIONAL UNIVERSITY COLLEGE, GHANA - MAIN LIBRARY | Law Library | 27/07/2023 | KRX19.A3.G342(1984-86 vol.1) | 3198/358/23 | 27/07/2023 | 3 | 27/07/2023 | Books | ||||
| Library of Congress Classification | WISCONSIN INTERNATIONAL UNIVERSITY COLLEGE, GHANA - MAIN LIBRARY | WISCONSIN INTERNATIONAL UNIVERSITY COLLEGE, GHANA - MAIN LIBRARY | Law Library | 28/08/2023 | KRX19.A3.G343(1984-86 vol.1) | 3279/388/23 | 28/08/2023 | 4 | 28/08/2023 | Books |
